palmarès match 3eme place coupe du monde football - Statistiques

Statistiques générales
  • Ce quiz a été pris 50 fois
  • Le résultat moyen est 9 sur 22
Statistiques - réponses
Réponse % Correct
2022 Croatie
95%
2018 Belgique
93%
2014 Pays-Bas
75%
2002 Turquie
70%
2010 Allemagne
68%
2006 Allemagne
65%
1998 Croatie
60%
1930 Etats Unis et Yougoslavie
43%
1986 France
43%
1982 Pologne
40%
1994 Suède
38%
1938 Brésil
30%
1990 Italie
30%
1958 France
28%
1934 Allemagne
25%
1978 Brésil
20%
1966 Portugal
20%
1970 RFA
18%
1974 pologne
15%
1950 Suède
15%
1962 Chili
13%
1954 Uruguay
10%
Aucun quiz correspondant
Distribution des résultats
% des personnes avec chaque résultat
Percentile par nombre de réponses
Votre historique - résultats
Vous n’avez pas pris ce quiz